KEY CLINICAL TOPICS IN ANAESTHESIA (Record no. 14229)

MARC details
000 -LEADER
fixed length control field 00259nam a22001217a 4500
003 - CONTROL NUMBER IDENTIFIER
control field SGT
082 ## - DEWEY DECIMAL CLASSIFICATION NUMBER
Classification number 617.96
Item number K14L
100 ## - MAIN ENTRY--PERSONAL NAME
Personal name LANGFORD,ROGER
245 ## - TITLE STATEMENT
Title KEY CLINICAL TOPICS IN ANAESTHESIA
260 ## - PUBLICATION, DISTRIBUTION, ETC. (IMPRINT)
Place of publication, distribution, etc LONDON
Name of publisher, distributor, etc JP
Year of Publication 2014
300 ## - PAGE DESCRIPTION
No. of Pages 338
942 ## - ADDED ENTRY ELEMENTS (KOHA)
Source of classification or shelving scheme Dewey Decimal Classification
Koha item type Books
Holdings
Withdrawn status Lost status Source of classification or shelving scheme Damaged status Not for loan Collection code Home library Current library Shelving location Date acquired Vendor Name Cost, normal purchase price SGTU Bill Number Total Checkouts Full call number Accession No. (Barcode) Date last seen Date last borrowed Bill Date Koha item type
    Dewey Decimal Classification     MEDICAL SGT Medical Library SGT Medical Library Text Book 26/12/2017 ABC DELHI 1095.00 SGTU 8707 2 617.96 K14L FM9154 14/05/2025 06/05/2025 08/08/2017 Books
    Dewey Decimal Classification     MEDICAL SGT Medical Library SGT Medical Library Reference Book 26/12/2017 ABC DELHI 1095.00 SGTU 8707   617.96 K14L FM9155 26/12/2017   08/08/2017 Books